| 000 | 01077cam a2200301 i 4500 | ||
|---|---|---|---|
| 999 |
_c130401 _d130401 |
||
| 001 | 2705313 | ||
| 003 | ARRUPE | ||
| 005 | 20200312121705.0 | ||
| 008 | 800213s1974 mw a 000 0beng | ||
| 010 | _a 75980067 | ||
| 020 | _a0582603056 | ||
| 040 |
_aDLC _cDLC _dDLC |
||
| 043 | _af-mw--- | ||
| 050 | 0 | 0 |
_aDT3219.S5 _bP573 |
| 082 | 0 | 0 |
_a968.97/03/0924 _aB |
| 100 | 1 |
_aPhiri, D. D. _q(Desmond Dudwa) _944764 |
|
| 245 | 0 | 0 |
_aJames Frederick Sangala : _bfounder of the Nyasaland African Congress and bridge between Patriot John Chilembwe and Ngwazi Dr. H. Kamuzu Banda / _cby D. D. Phiri. |
| 260 |
_aLilongwe : _bLongman (MalaƔi), _c1974. |
||
| 300 |
_aviii, 64 p. : _bill. ; _c19 cm. |
||
| 440 | 0 |
_aMalawians to remember _949621 |
|
| 600 | 1 | 0 |
_aSangala, James Frederick, _d1900- _949622 |
| 610 | 2 | 0 |
_aNyasaland African Congress. _949623 |
| 650 | 0 |
_aNationalism _zMalawi. _949624 |
|
| 650 | 0 |
_aStatesmen _zMalawi _xBiography. _949625 |
|
| 651 | 0 |
_aMalawi _xPolitics and government. _914178 |
|
| 906 |
_a7 _bcbc _corignew _d4 _encip _f19 _gy-gencatlg |
||
| 942 |
_2lcc _cMONOGRAPH |
||